000 00521nam a2200181Ia 4500
003 GCL
008 140319s9999 xx 000 0 ara d
040 _aGCL /
_cGCL
082 0 4 _a273.26
_bم هـ
100 1 _aصموئيل حبيب
245 1 0 _aهل حقا قام المسيح ! /
_cصموئيل حبيب
700 1 _aجيمس مارتن
260 _aالقاهرة :
_bدار الثقافة العربية ،
_c1992
300 _a74 ص ؛
_c20 سم
490 _a
650 0 4 _aالمسيح
942 _2ddc
_cBK
999 _c29204
_d29204